| 000 | 01665cam a2200373 a 4500 | ||
|---|---|---|---|
| 001 | 14847166 | ||
| 005 | 20080114190021.0 | ||
| 008 | 070511s2007 nyua 001 0 eng | ||
| 010 | _a 2007020171 | ||
| 015 |
_aGBA754331 _2bnb |
||
| 016 | 7 |
_a013790237 _2Uk |
|
| 020 | _a0071477721 (pbk.) | ||
| 020 | _a9780071477727 (pbk.) | ||
| 035 | _a(OCoLC)ocm75399556 | ||
| 035 | _a(OCoLC)75399556 | ||
| 040 |
_aDLC _cDLC _dYDX _dMTG _dBAKER _dBTCTA _dYDXCP _dUKM _dQBX _dVP@ _dDLC |
||
| 050 | 0 | 0 |
_aTJ810 _b.H3615 2007 |
| 082 | 0 | 0 |
_a621.47078 _222 _bHAR |
| 100 | 1 |
_aHarper, Gavin D. J. _94235 |
|
| 245 | 1 | 0 |
_aSolar energy projects for the evil genius / _cGavin D. J. Harper. |
| 250 | _a1st ed. | ||
| 260 |
_aNew York : _bMcGraw-Hill, _cc2007. |
||
| 300 |
_ax, 196 p. : _bill. ; _c28 cm. |
||
| 490 | 0 | _aEvil genius series | |
| 500 | _aIncludes index. | ||
| 504 | _aIncludes bibliographical references (p. 185-187) and index. | ||
| 650 | 0 |
_aSolar energy. _94236 |
|
| 856 | 4 | 2 |
_3Contributor biographical information _uhttp://www.loc.gov/catdir/enhancements/fy0726/2007020171-b.html |
| 856 | 4 | 2 |
_3Publisher description _uhttp://www.loc.gov/catdir/enhancements/fy0726/2007020171-d.html |
| 856 | 4 | 1 |
_3Table of contents only _uhttp://www.loc.gov/catdir/enhancements/fy0726/2007020171-t.html |
| 942 |
_2ddc _cBB |
||
| 999 |
_c11424 _d11424 |
||